000 00465nam a2200169 i 4500
001 bg
100 1 _aJanecki, Janusz
_d(1928- ).
245 0 _aZużycie części i zespołów pojazdów samochodowych /
_cJ. Janecki, S. Gołąbek.
250 _aWyd.4 zm. i popr.
260 _aWarszawa,
_c1984.
650 9 _aSamochody
_xeksploatacja
700 1 _aGołąbek, Stefan.
040 _cBPK
041 _apol
942 _cKS
008 s pl f |000 0 pol
999 _c5327
_d5327
856 _uhttp://koha.tu.koszalin.pl/cgi-bin/koha/opac-detail.pl?biblionumber=5327
_yKatalog online BPK